| 000 | 00926nam a2200205 a 4500 | ||
|---|---|---|---|
| 001 | 000041034 | ||
| 005 | 20201002034552.0 | ||
| 008 | 130913s1986 sp 001 0 spa d | ||
| 020 | _a8400062124 | ||
| 040 |
_aDO-SdBNP _bspa _cBNPHU |
||
| 100 | 1 |
_aKrause, Karl Christian Friedrich, _d1781-1832. _967518 |
|
| 245 | 1 | 0 |
_aCiencia Universal pura de la razón o iniciación a la parte pincipal analítica de la estructura orgánica de la ciencia / _cKarl Christian Friedrich Krause ; traducción de J. M. Artola, M.F. Perez con estudio introductorio. |
| 260 |
_aMadrid : _bConsejo Superior de Investigaciones Científicas, _c1986. |
||
| 300 |
_aXXXI, 210 p. ; _c22 cm. |
||
| 500 | _aIncluye índice | ||
| 504 | _aIncluye referencias bibliográficas y notas al pie de las páginas | ||
| 700 | 1 |
_aArtola, J. M. _etr. _967519 |
|
| 700 | 1 |
_aPérez, M. F. _etr. _967520 |
|
| 710 | 2 |
_aConsejo Superior de Investigaciones Científicas _94786 |
|
| 999 |
_c40524 _d40524 |
||